Statistics for Airlines Serving Calgary (YYC)

Click here to take the quiz!

General Stats

  • This quiz has been taken 134 times
    (53 since last reset)
  • The average score is 9 of 16

Answer Stats

Airline% Correct
WestJet
98%
Air Canada
95%
American Airlines
88%
United Airlines
85%
Delta Air Lines
78%
Flair Airlines
73%
British Airways
63%
Sunwing Airlines
60%
Alaska Airlines
55%
KLM
53%
Air Transat
43%
Lynx Air
43%
Air North
38%
Edelweiss Air
20%
Central Mountain Air
15%
Northern Air
13%

Score Distribution

Percentile by Number Answered

Percent of People with Each Score

Your Score History

You have not taken this quiz since the last reset